ბათუმის შოთა რუსთაველის სახელმწიფო უნივერსიტეტის ბიბლიოთეკა

გამაჯანსაღებელი ფიზიკური კულტურა საშუალო და ხნიერ ასაკში / (ბიბ.ჩანაწერი № 61996)

000 -ლიდერი
ფიქსირებული სიგრძის საკონტროლო ველი 00875nam a22001817a 4500
003 - საკონტროლო ნომრის იდენტიფიკატორი
საკონტროლო ველი Ge_BSU
005 - ბოლო ოპერაციის თარიღი და დრო
საკონტროლო ველი 20240619165621.0
008 - ფიქსირებული სიგრძის მონაცემთა ელემენტები - ზოგადი ინფორმაცია
ფიქსირებული სიგრძის საკონტროლო ველი 240619s1986 ge ||||| |||| 00| 0 geo d
041 ## - ენის კოდი
Language code of text/sound track or separate title geo
080 ## - უნივერსალური ათობითი კლასიფიკაციის ინდექსი
Universal Decimal Classification number 615.825.4+796.035 ს-45
100 ## - მთავარი ჩანაწერი - პიროვნების სახელი
Personal name სვანიშვილი, რ.
9 (RLIN) 11563
245 ## - ცნობა სათაურის შესახებ
Title გამაჯანსაღებელი ფიზიკური კულტურა საშუალო და ხნიერ ასაკში /
Statement of responsibility, etc რ. სვანიშვილი; რედ. ლ. კალანდაძე.
264 ## - წარმოების, გამოცემის, დისტრიბუციის და სხვა ცნობები
გამოცემის, წარმოების, დისტრიბუციის... ადგილი თბ. :
გამოცემის, წარმოების, დისტრიბუციის... სახელწოდება საბჭ. საქართველო,
გამოცემის, წარმოების, დისტრიბუციის... თარიღი 1986.
300 ## - ფიზიკური აღწერა
Extent 58 გვ. :
Other physical details ილ. ;
Dimensions 20 სმ.
653 ## - INDEX TERM--UNCONTROLLED
Uncontrolled term გამაჯანსაღებელი ფიზკულტურა.
700 ## - ADDED ENTRY--PERSONAL NAME
Personal name კალანდაძე, ლ.
Relator term რედაქტორი
9 (RLIN) 6059
942 ## - ADDED ENTRY ELEMENTS (KOHA)
Source of classification or shelving scheme
Koha item type წიგნი
ეგზემპლარები
ჩამოწერის სტატუსი დაკარგული ეგზემპლარის სტატუსი კლასიფიკაციის წყარო ან თაროზე გაწყობის სქემა დაზიანების სტატუსი არ გაიცემა მუდმივი მდებარეობა (დაცვის ადგილი) ამჟამინდელი ადგილსამყოფელი თაროზე განთავსების ადგილი შეძენის თარიღი ღირებულება, შესყიდვის ნორმალური ფასი სრული შენახვის შიფრი შტრიხკოდი ბოლო ოპერაციის თარიღი ეგზემპლარის მიმდევრობითი ნომერი (კეტერი?) ფასის ძალაში შესვლის თარიღი ეგზემპლარის სახეობა საჯარო შენიშვნა
          ბათუმის შოთა რუსთაველის სახელმწიფო უნივერსიტეტის მთავარი ბიბლიოთეკა ბათუმის შოთა რუსთაველის სახელმწიფო უნივერსიტეტის მთავარი ბიბლიოთეკა წიგნსაცავი 2024-06-19 0.50 615.825.4+796.035 ს-45 68241 2024-06-19 68241 2024-06-19 წიგნი 0.50 თ.
          ბათუმის შოთა რუსთაველის სახელმწიფო უნივერსიტეტის მთავარი ბიბლიოთეკა ბათუმის შოთა რუსთაველის სახელმწიფო უნივერსიტეტის მთავარი ბიბლიოთეკა წიგნსაცავი 2024-06-19 0.50 615.825.4+796.035 ს-45 68244 2024-06-19 68244 2024-06-19 წიგნი 0 50 თ.
          ბათუმის შოთა რუსთაველის სახელმწიფო უნივერსიტეტის მთავარი ბიბლიოთეკა ბათუმის შოთა რუსთაველის სახელმწიფო უნივერსიტეტის მთავარი ბიბლიოთეკა წიგნსაცავი 2024-06-19 0.50 615.825.4+796.035 ს-45 68243 2024-06-19 68243 2024-06-19 წიგნი 0 50 თ.
          ბათუმის შოთა რუსთაველის სახელმწიფო უნივერსიტეტის მთავარი ბიბლიოთეკა ბათუმის შოთა რუსთაველის სახელმწიფო უნივერსიტეტის მთავარი ბიბლიოთეკა წიგნსაცავი 2024-06-19 0.50 615.825.4+796.035 ს-45 68242 2024-06-19 68242 2024-06-19 წიგნი 0 50 თ.